| 000 | 00823nam a2200241Ia 4500 | ||
|---|---|---|---|
| 003 | OSt | ||
| 005 | 20221005113253.0 | ||
| 006 | a|||||r|||| 00| 0 | ||
| 007 | ta | ||
| 008 | 221004b |||||||| |||| 00| 0 pan d | ||
| 020 |
_a8130201488 (hbk) _c250 |
||
| 024 | _a104604 | ||
| 037 |
_b517, 02/02/2011, H.K. Prakashan _cTextual |
||
| 040 |
_aCRL _cCRL _bpan |
||
| 041 |
_2pan _apan |
||
| 082 | _aT:3(NR), 153Q0 | ||
| 100 | _aਬਾਵਰਾ, ਜੋਗਿੰਦਰ | ||
| 245 | 0 | _aਸੰਗੀਤ ਦਾ ਅਧਿਆਪਨ | |
| 260 |
_aਪਟਿਆਲਾ _bਪੰਜਾਬੀ ਯੂਨੀਵਰਸਿਟੀ ਭਾਰਤ _c2010 |
||
| 300 |
_a246ਪੰ _ccm. |
||
| 942 |
_hT:3(NR), 153Q0 _cTEXL _2cc |
||
| 999 |
_c1027610 _d1027610 |
||